[Event "AUTO-ADV-4871"]
[Site "http://www.queenalice.com/game.php?id=1863130"]
[Date "2025.9.19"]
[Round "2"]
[White "MMA34"]
[Black "Tonto"]
[Result "1-0"]
[WhiteElo "2142"]
[BlackElo "2014"]

1. e4 e5 2. Nf3 Nc6 3. Bb5 Nf6 4. O-O Nxe4 5. Re1 d5 6. d3 Nc5 7. Nxe5 Ne6 8.
Qh5 g6 9. Qf3 f5 10. Nxc6 Qd6 11. Bf4 Qc5 12. Ba4 b5 13. d4 Qxc6 14. Bb3 Bg7 15.
c3 O-O 16. Bxd5 1-0

[Event "AUTO-ADV-4871"]
[Site "http://www.queenalice.com/game.php?id=1863131"]
[Date "2025.9.19"]
[Round "2"]
[White "Tonto"]
[Black "MMA34"]
[Result "1-0"]
[WhiteElo "1994"]
[BlackElo "2163"]

1. e4 c5 2. Nf3 d6 3. Be2 Nf6 4. Nc3 Nc6 5. d3 Bg4 6. O-O e6 7. h3 Bxf3 8. Bxf3
Nd4 9. Bf4 Nxf3+ 10. Qxf3 e5 11. Bg5 Be7 12. a3 h6 13. Bh4 g5 14. Bg3 Qd7 15. b4
b6 16. Ne2 h5 17. h4 g4 18. Qe3 O-O-O 19. c3 Bf8 20. Rac1 Bh6 21. Bf4 exf4 22.
Nxf4 Rde8 23. Qg3 Kb7 24. f3 gxf3 25. Qxf3 Kb8 26. bxc5 dxc5 27. Rcd1 Bg7 28.
Qg3 Ng4 29. Ng6+ Kb7 30. Nxh8 Bxh8 31. Qf3 Re7 32. e5+ Qc6 33. d4 Qxf3 34. Rxf3
Bg7 35. Rdf1 Bh6 36. Rxf7 Rxf7 37. Rxf7+ Ka6 38. e6 1-0

[Event "AUTO-ADV-4871"]
[Site "http://www.queenalice.com/game.php?id=1863132"]
[Date "2025.9.19"]
[Round "2"]
[White "MMA34"]
[Black "SGF"]
[Result "1-0"]
[WhiteElo "2132"]
[BlackElo "1838"]

1. e4 e5 2. Nf3 Qf6 3. Bc4 d6 4. d4 Be7 5. Nc3 c6 6. dxe5 Qg6 7. exd6 Bxd6 8.
Ng5 Nh6 9. Be6 Na6 10. Qxd6 Bxe6 11. Nxe6 Qxe6 12. Qxe6+ fxe6 13. Bxh6 gxh6 14.
a3 b5 15. O-O-O O-O 16. f3 b4 17. axb4 Nxb4 18. Rd6 Rfe8 19. Rhd1 Kf7 20. Kb1 a5
21. Na4 Rab8 22. Nc5 e5 23. c3 Nd5 24. exd5 cxd5 25. R1xd5 Rg8 26. Rd7+ Kf6 27.
R5d6+ Kg5 28. g3 Rg6 29. h4+ Kh5 30. Rxg6 Kxg6 31. Ne4 a4 32. Ra7 Rf8 33. Ra6+
Kg7 34. Rxa4 Rxf3 35. Kc2 Kf7 36. Rc4 Ke6 37. g4 Rh3 38. h5 Rh4 39. Nd2 Kd5 40.
Ra4 Rh2 41. Ra5+ Ke6 42. Ra6+ Kd5 43. Rxh6 e4 44. Kc1 e3 45. Nf3 Rf2 46. Ne1 e2
47. Rxh7 Kc4 48. Re7 Rh2 49. Kd2 Kb3 50. Rxe2 Rxe2+ 51. Kxe2 Kxb2 52. h6 Kxc3
53. h7 Kd4 54. h8=Q+ Ke4 55. Qf8 Kd4 56. Qf5 Kc4 57. Qd7 Kc5 58. g5 Kc4 59. g6
Kc3 60. g7 Kb2 61. Qc7 Kb3 62. g8=Q+ Kb4 63. Qgb8+ Ka4 64. Qca7# 1-0

[Event "AUTO-ADV-4871"]
[Site "http://www.queenalice.com/game.php?id=1863133"]
[Date "2025.9.19"]
[Round "2"]
[White "SGF"]
[Black "MMA34"]
[Result "0-1"]
[WhiteElo "1862"]
[BlackElo "2128"]

1. e4 c5 2. Qf3 d6 3. d3 Nc6 4. c3 Nf6 5. Be2 Bg4 6. Qg3 Bxe2 7. Nxe2 g6 8. h4
Qd7 9. a4 O-O-O 10. Qh3 c4 11. Qxd7+ Rxd7 12. dxc4 Nxe4 13. f3 Nc5 14. Ra3 Nd3+
15. Kd2 Nce5 16. b3 Bh6+ 17. f4 Bxf4+ 18. Nxf4 Nxf4 19. g3 Nfd3 20. h5 Nxc1 21.
Kxc1 a6 22. hxg6 Nxg6 23. Nd2 Ne5 24. b4 Kb8 25. b5 Rc7 26. b6 Rc6 27. a5 Nxc4
28. Nxc4 Rxc4 29. Rh4 Rxh4 30. gxh4 Rg8 31. Ra4 Rc8 32. Kc2 Rc5 33. Rg4 Kc8 34.
Rg8+ Kd7 35. Rb8 Kc6 36. Rc8+ Kb5 37. Rc7 Kxa5 38. Rxb7 Re5 39. Rb8 Kb5 40. b7
Kb6 41. c4 Kc7 42. Rh8 Kxb7 43. Rxh7 f5 44. h5 Kc6 45. h6 f4 46. Rf7 Re2+ 47.
Kd3 Re3+ 48. Kd2 e5 49. h7 Rh3 50. Ra7 Kb6 51. Rd7 Kc6 52. Ra7 Kc5 53. Rc7+ Kd4
54. Kc2 f3 55. Kb3 f2+ 56. Kb4 f1=Q 57. c5 Qc4+ 58. Ka5 Qb5# 0-1

[Event "AUTO-OPEN-4623"]
[Site "http://www.queenalice.com/game.php?id=1865294"]
[Date "2025.11.8"]
[Round "1"]
[White "IranSilva"]
[Black "MMA34"]
[Result "1-0"]
[WhiteElo "2191"]
[BlackElo "2068"]

1. Nf3 Nf6 2. g3 d5 3. d4 e6 4. Bg2 Bb4+ 5. c3 Be7 6. Bg5 O-O 7. Nbd2 Ne4 8.
Bxe7 Qxe7 9. Nxe4 dxe4 10. Nd2 f5 11. e3 b6 12. O-O Ba6 13. Re1 Nd7 14. f3 exf3
15. Bxf3 Rad8 16. e4 fxe4 17. Bxe4 Nf6 18. Bg2 Qd6 19. Ne4 Nxe4 20. Rxe4 Bb7 21.
Re5 Bxg2 22. Kxg2 1-0

[Event "AUTO-OPEN-4623"]
[Site "http://www.queenalice.com/game.php?id=1865295"]
[Date "2025.11.8"]
[Round "1"]
[White "MMA34"]
[Black "IranSilva"]
[Result "0-1"]
[WhiteElo "2057"]
[BlackElo "2199"]

1. e4 e5 2. Nf3 Nc6 3. Bb5 a6 4. Ba4 b5 5. Bb3 Na5 6. O-O d6 7. d4 exd4 8. Nxd4
Bb7 9. Bd2 Nxb3 10. Nxb3 c5 11. Re1 Qc7 12. Nc3 Nf6 13. Nd5 Nxd5 14. exd5+ Be7
15. Ba5 Qd7 16. h3 O-O 17. Qd2 Bf6 18. Rab1 Qf5 19. Bc3 Bxc3 20. Qxc3 Bxd5 21.
Qg3 Rad8 22. Rbc1 Be4 23. c3 Qd5 24. Rcd1 Qc6 0-1

[Event "AUTO-OPEN-4623"]
[Site "http://www.queenalice.com/game.php?id=1865318"]
[Date "2025.11.8"]
[Round "1"]
[White "Fredo"]
[Black "MMA34"]
[Result "1-0"]
[WhiteElo "2099"]
[BlackElo "2083"]

1. d4 Nf6 2. Nc3 e6 3. e4 Bb4 4. Bd3 b6 5. Nf3 O-O 6. O-O Bb7 7. Bg5 h6 8. Bd2
Nc6 9. a3 Bxc3 10. Bxc3 Ne7 11. e5 Nfd5 12. Bd2 c6 13. c4 1-0

[Event "AUTO-OPEN-4623"]
[Site "http://www.queenalice.com/game.php?id=1865319"]
[Date "2025.11.8"]
[Round "1"]
[White "MMA34"]
[Black "Fredo"]
[Result "0-1"]
[WhiteElo "2100"]
[BlackElo "2082"]

1. e4 c5 2. Nf3 d6 3. d4 cxd4 4. Nxd4 Nf6 5. Bd3 e5 6. Nb3 Be7 7. Bg5 O-O 8. O-O
Be6 9. N1d2 Nbd7 10. f3 a6 11. Re1 Rc8 12. c3 d5 0-1

[Event "AUTO-OPEN-4623"]
[Site "http://www.queenalice.com/game.php?id=1865332"]
[Date "2025.11.8"]
[Round "1"]
[White "game"]
[Black "MMA34"]
[Result "1-0"]
[WhiteElo "1469"]
[BlackElo "2123"]

1. e4 c5 2. Nf3 d6 3. Bc4 Nf6 4. Ng5 e6 5. d4 h6 6. Nf3 Nxe4 7. O-O d5 8. Bb3 b5
9. Nc3 c4 10. Nxb5 cxb3 11. axb3 Bd7 12. Qe2 a6 13. Nc3 Nxc3 14. bxc3 Bb5 15. c4
dxc4 16. bxc4 Bd7 17. Ne5 Nc6 18. c3 Nxe5 19. dxe5 Bc5 20. Kh1 O-O 21. Be3 Qc7
22. Rad1 Bxe3 23. Qxe3 Rfd8 24. f4 1-0

[Event "AUTO-OPEN-4623"]
[Site "http://www.queenalice.com/game.php?id=1865333"]
[Date "2025.11.8"]
[Round "1"]
[White "MMA34"]
[Black "game"]
[Result "0-1"]
[WhiteElo "2146"]
[BlackElo "1439"]

1. e4 d6 2. d4 Nc6 3. Bb5 Nf6 4. d5 a6 5. dxc6 axb5 6. cxb7 Bxb7 7. f3 c5 8. Ne2
e5 9. Bg5 Be7 10. Nd2 c4 11. Ng3 d5 12. Nf5 dxe4 13. fxe4 O-O 14. O-O Re8 15.
Bxf6 Qb6+ 16. Kh1 Bxf6 17. Qe2 Bg5 18. Nf3 Bf4 19. Rad1 Rxa2 20. Nd6 Rea8 21.
Nxb7 Qxb7 0-1